Zlepšenie materiálového toku výroby s využitím simulácie v podniku VAILLANT GROUP Heat Pump Production s.r.o., Senica
Na minha lista:
| Autor principal: | |
|---|---|
| Outros Autores: | |
| Formato: | Manuscrito Livro |
| Idioma: | eslovaco |
| Publicado em: |
2025
|
| Assuntos: | |
| Acesso em linha: | http://is.stuba.sk/zp/portal_zp.pl?podrobnosti=183811 |
| Tags: |
Sem tags, seja o primeiro a adicionar uma tag!
|
MARC
| LEADER | 00000ntm a22000003a 4500 | ||
|---|---|---|---|
| 001 | stuzp102069 | ||
| 003 | SK-STU | ||
| 005 | 20250614210933.6 | ||
| 007 | ta | ||
| 008 | 150427s2015----xo-----f-mn---000-0-slo-d | ||
| 040 | |a STU |b slo | ||
| 041 | 0 | |a slo | |
| 100 | 1 | |a Ščepka, Jaroslav |u 064000 |4 aut |U MTF Materiálovotechnologická fakulta |T MTF Ústav priemyselného inžinierstva a manažmentu |X 30100 |U M4000 |Y 84 |7 30100 | |
| 242 | 0 | 1 | |a Improvement of material flow in production using simulation in VAILLANT GROUP Heat Pump Production s.r.o., Senica enterprise |y eng |
| 245 | 1 | 0 | |a Zlepšenie materiálového toku výroby s využitím simulácie v podniku VAILLANT GROUP Heat Pump Production s.r.o., Senica |
| 260 | |c 2025 | ||
| 650 | 4 | |a improvement measures |2 eng | |
| 650 | 4 | |a simulation |2 eng | |
| 650 | 4 | |a witness |2 eng | |
| 650 | 4 | |a material flow |2 eng | |
| 650 | 4 | |a production management |2 eng | |
| 650 | 4 | |a opatrenia na zlepšenie |2 slo | |
| 650 | 4 | |a simulácia |2 slo | |
| 650 | 4 | |a witness |2 slo | |
| 650 | 4 | |a materiálový tok |2 slo | |
| 650 | 4 | |a manažment výroby |2 slo | |
| 700 | 1 | |a Važan, Pavel |u 066000 |k Z1 |4 ths |U MTF Materiálovotechnologická fakulta |T MTF Ústav aplikovanej informatiky, automatizácie a mechatroniky |X 323 |U M6000 |Y 86 |7 A000000323 | |
| 856 | 4 | |u http://is.stuba.sk/zp/portal_zp.pl?podrobnosti=183811 | |
| 996 | |c M* DP-15647 |l MMSKP |s P |a 0 |w stuzp102069_0001 | ||